000
00313nam a22001337a 4500
008
171010b xxu||||| |||| 00| 0 eng d
020
_a
9780495804611
041
_a
eng
080
_2
6TH
_a
316
100
_a
50
101
_a
SOC
245
_a
THE PRINCIPLES OF LEARNING AND BEHAVIOR
_c
DOMJAN,M
942
_2
udc
_c
BK
999
_c
32979
_d
32979